A számok színháza Egy színház üzleti modelljének elemzése

Bibliográfiai részletek
Szerző: Bakos Kristóf
További közreműködők: Jóna Zsuzsanna
Dokumentumtípus: Projektmunka
Kulcsszavak:gazdaság
kreativitás
kultúra
művészet
színház
Online Access:http://dolgozattar.uni-bge.hu/58438

MARC

LEADER 00000nnm a2200000 i 4500
001 dolg58438
005 20250923130759.0
008 250923suuuu hu o 000 hun d
040 |a BGE Dolgozattár Repozitórium  |b hun 
041 |a hu 
100 1 |a Bakos Kristóf 
245 1 2 |a A számok színháza  |b Egy színház üzleti modelljének elemzése  |c Bakos Kristóf  |h [elektronikus dokumentum] 
516 |a Project_work 
520 3 |a Dolgozatom témájául a Zenthe Ferenc Színház Nonprofit Kft.-t választottam, ahol szakmai gyakorlatomat töltöm. Ez az időszak lehetőséget adott arra, hogy testközelből ismerjem meg egy vidéki színház működését, szervezeti felépítését és mindennapi gazdasági tevékenységeit. Gazdálkodása állami és önkormányzati támogatásokra, jegybevételekre, szponzori és pályázati forrásokra épül. A színház célja, hogy műsorkínálatát bővítse, a fiatalokat megszólítva erősítse digitális jelenlétét, és környezettudatosabb működést alakítson ki, mindezt a magas művészeti színvonal és közönségcentrikus filozófia mellett. 
695 |a gazdaság 
695 |a kreativitás 
695 |a kultúra 
695 |a művészet 
695 |a színház 
700 1 |a Jóna Zsuzsanna  |e ths 
856 4 0 |u http://dolgozattar.uni-bge.hu/58438/1/Z%C3%A1r%C3%B3dolgozat_BakosKrist%C3%B3f.pdf  |z Dokumentum-elérés 
856 4 0 |u http://dolgozattar.uni-bge.hu/58438/2/Titkos%C3%ADt%C3%A1si%20k%C3%A9relem.pdf  |z Dokumentum-elérés 
856 4 0 |u http://dolgozattar.uni-bge.hu/58438/3/zaro-dolgozati-osszefoglalas_BakosKrist%C3%B3f.pdf  |z Dokumentum-elérés 
856 4 0 |u http://dolgozattar.uni-bge.hu/58438/4/Bakos%20Krist%C3%B3f%20b%C3%ADr%C3%A1lat.pdf  |z Dokumentum-elérés 
856 4 0 |u http://dolgozattar.uni-bge.hu/58438/5/Bakos%20Krist%C3%B3f%20foszk_zarodolgozat-biralat.pdf  |z Dokumentum-elérés